The greatest resource (Record no. 70183)

MARC details
000 -LEADER
fixed length control field 00941cam a2200229 4500
001 - CONTROL NUMBER
control field ABS65369
008 - FIXED-LENGTH DATA ELEMENTS--GENERAL INFORMATION
fixed length control field 020508n2002 000 0 eng u
035 ## - SYSTEM CONTROL NUMBER
System control number (Sirsi) u117858
100 ## - MAIN ENTRY--PERSONAL NAME
Personal name Grinfeld, M
245 #4 - TITLE STATEMENT
Title The greatest resource
260 ## - PUBLICATION, DISTRIBUTION, ETC.
Date of publication, distribution, etc. 2002
490 ## - SERIES STATEMENT
Series statement Construction Manager
Volume/sequential designation April 2002, 40-41(2)
520 ## - SUMMARY, ETC.
Summary, etc. Argues that to improve its image, construction must attract right recruits by providing lifelong training, and career development opportunities. Identifies "commitment to people" as key point of "Rethinking Construction" report, and points out poor record of construction industry in this respect. Highlights Investors in People standards as vital to addressing recruitment problems.
590 ## - LOCAL NOTE (RLIN)
Local note ABS
650 ## - SUBJECT ADDED ENTRY--TOPICAL TERM
Topical term or geographic name entry element CPD
650 ## - SUBJECT ADDED ENTRY--TOPICAL TERM
Topical term or geographic name entry element RECRUITMENT
650 ## - SUBJECT ADDED ENTRY--TOPICAL TERM
Topical term or geographic name entry element CAREERS, EDUCATION AND TRAINING
650 ## - SUBJECT ADDED ENTRY--TOPICAL TERM
Topical term or geographic name entry element INVESTORS IN PEOPLE
690 ## - LOCAL SUBJECT ADDED ENTRY--TOPICAL TERM (OCLC, RLIN)
Topical term or geographic name as entry element EDUCATION-CAREERS
700 ## - ADDED ENTRY--PERSONAL NAME
Personal name Grinfeld, A
942 ## - ADDED ENTRY ELEMENTS (KOHA)
Suppress in OPAC 0
Holdings
Withdrawn status Lost status Source of classification or shelving scheme Damaged status Not for loan Home library Current library Shelving location Date acquired Total Checkouts Full call number Barcode Date last seen Copy number Price effective from Koha item type
    Dewey Decimal Classification     London London Journal article 08/05/2002   ABS65369 117858-1001 06/08/2019 1 06/08/2019 Journal article